| 000 | 00795nam a2200277Ia 4500 | ||
|---|---|---|---|
| 001 | Z_5302 | ||
| 003 | CHAP | ||
| 008 | 220113s2005 xx 000 0 und d | ||
| 010 | _a168366 | ||
| 040 | _cCHAP | ||
| 090 | _aTesis D 1904 | ||
| 100 |
_aDiez Castellanos, Carlos _932556 |
||
| 245 |
_aMétodos y fechas de siembra para praderas de avena y raigrás anual / _cCarlos Diez Castellanos |
||
| 260 |
_aChapingo, Méx. : _bEl autor, _c2005 |
||
| 300 | _a51 h. | ||
| 502 | _aTesis (Maestro en Ciencias Esp. en Producción Animal) -- UACH. Departamento de Zootecnia | ||
| 650 |
_aAvena _98503 |
||
| 650 |
_aFechas de siembra _939904 |
||
| 650 |
_aLolium multiflorum _967504 |
||
| 901 | _aTESIS D 1904 | ||
| 902 | _aM | ||
| 910 | _a2005 | ||
| 942 | _c2 | ||
| 942 | _c2 | ||
| 999 |
_c168366 _d168366 |
||